[Event "April 9 Early 2024"]
[Site "Chess.com"]
[Date "2024.04.09"]
[Round "5"]
[White "Montano Vicente, Guadalupe"]
[Black "Asish Panda"]
[Result "1-0"]
[Board "178"]
[WhiteFideId "5181399"]
[BlackFideId "45012458"]
[WhiteElo "2289"]
[BlackElo "2564"]
[WhiteTeam "MEX"]
[BlackTeam "IND"]
[WhiteClock "0:00:22"]
[BlackClock "0:00:08"]
[Variant "Standard"]

1. d4 {[%clk 0:03:00]}  d5 {[%clk 0:02:47]} 2. c4 {[%clk 0:03:00]}  e6 {[%clk 0:02:46]} 3. Nc3 {[%clk 0:03:00]}  Nf6 {[%clk 0:02:46]} 4. cxd5 {[%clk 0:02:56]}  exd5 {[%clk 0:02:47]} 5. Bg5 {[%clk 0:02:56]}  c6 {[%clk 0:02:48]} 6. e3 {[%clk 0:02:55]}  Bd6 {[%clk 0:02:48]} 7. Bd3 {[%clk 0:02:54]}  O-O {[%clk 0:02:48]} 8. Qc2 {[%clk 0:02:52]}  h6 {[%clk 0:02:49]} 9. Bh4 {[%clk 0:02:52]}  a5 {[%clk 0:02:49]} 10. Nge2 {[%clk 0:02:48]}  Na6 {[%clk 0:02:50]} 11. a3 {[%clk 0:02:47]}  Re8 {[%clk 0:02:50]} 12. O-O {[%clk 0:02:46]}  Bxh2+ {[%clk 0:02:50]} 13. Kh1 {[%clk 0:02:41]}  Bd6 {[%clk 0:02:50]} 14. e4 {[%clk 0:02:35]}  dxe4 {[%clk 0:02:49]} 15. Nxe4 {[%clk 0:02:34]}  Be7 {[%clk 0:02:45]} 16. Bg3 {[%clk 0:02:30]}  Nxe4 {[%clk 0:02:37]} 17. Bxe4 {[%clk 0:02:30]}  Bd6 {[%clk 0:02:37]} 18. Rad1 {[%clk 0:02:26]}  Nc7 {[%clk 0:02:34]} 19. Bf3 {[%clk 0:02:17]}  Be6 {[%clk 0:02:19]} 20. Bxd6 {[%clk 0:01:52]}  Qxd6 {[%clk 0:02:12]} 21. Qc5 {[%clk 0:01:47]}  Qxc5 {[%clk 0:02:09]} 22. dxc5 {[%clk 0:01:48]}  Bd5 {[%clk 0:02:09]} 23. Bxd5 {[%clk 0:01:30]}  Nxd5 {[%clk 0:02:10]} 24. Nd4 {[%clk 0:01:29]}  Re5 {[%clk 0:02:02]} 25. Nf3 {[%clk 0:01:21]}  Re2 {[%clk 0:02:01]} 26. Rd2 {[%clk 0:01:21]}  Rae8 {[%clk 0:02:00]} 27. Rfd1 {[%clk 0:01:20]}  Rxd2 {[%clk 0:01:43]} 28. Rxd2 {[%clk 0:01:18]}  Re4 {[%clk 0:01:44]} 29. Rc2 {[%clk 0:01:16]}  g5 {[%clk 0:01:38]} 30. g3 {[%clk 0:01:06]}  Kg7 {[%clk 0:01:37]} 31. Kg2 {[%clk 0:01:05]}  f5 {[%clk 0:01:32]} 32. Nd2 {[%clk 0:01:04]}  Rd4 {[%clk 0:01:26]} 33. Nc4 {[%clk 0:01:03]}  a4 {[%clk 0:01:21]} 34. Nd6 {[%clk 0:01:02]}  f4 {[%clk 0:01:05]} 35. Nf5+ {[%clk 0:01:01]}  Kf6 {[%clk 0:01:04]} 36. Nxd4 {[%clk 0:01:02]}  Ke5 {[%clk 0:01:01]} 37. Rd2 {[%clk 0:00:43]}  Ke4 {[%clk 0:00:58]} 38. Ne6 {[%clk 0:00:38]}  Ke5 {[%clk 0:00:46]} 39. Nd8 {[%clk 0:00:37]}  b6 {[%clk 0:00:42]} 40. Nxc6+ {[%clk 0:00:35]}  Ke4 {[%clk 0:00:43]} 41. Nb4 {[%clk 0:00:27]}  f3+ {[%clk 0:00:29]} 42. Kf1 {[%clk 0:00:22]}  Ne7 {[%clk 0:00:10]} 43. cxb6 {[%clk 0:00:20]}  h5 {[%clk 0:00:10]} 44. b7 {[%clk 0:00:20]}  h4 {[%clk 0:00:11]} 45. gxh4 {[%clk 0:00:19]}  gxh4 {[%clk 0:00:10]} 46. b8=Q {[%clk 0:00:20]}  Kf5 {[%clk 0:00:10]} 47. Qh2 {[%clk 0:00:20]}  Ng6 {[%clk 0:00:10]} 48. Rd5+ {[%clk 0:00:19]}  Ke4 {[%clk 0:00:10]} 49. Rh5 {[%clk 0:00:18]}  Kd4 {[%clk 0:00:09]} 50. Rxh4+ {[%clk 0:00:18]}  Kc5 {[%clk 0:00:09]} 51. Rg4 {[%clk 0:00:18]}  Nf8 {[%clk 0:00:08]} 52. Qg3 {[%clk 0:00:18]}  Ne6 {[%clk 0:00:07]} 53. Qxf3 {[%clk 0:00:19]}  Nd8 {[%clk 0:00:07]} 54. Qg3 {[%clk 0:00:20]}  Kb5 {[%clk 0:00:07]} 55. Rg5+ {[%clk 0:00:20]}  Kc4 {[%clk 0:00:07]} 56. Qe5 {[%clk 0:00:21]}  Kb3 {[%clk 0:00:08]} 57. Qc3# {[%clk 0:00:22]} 1-0

[Event "April 9 Early 2024"]
[Site "Chess.com"]
[Date "2024.04.09"]
[Round "5"]
[White "Yezhel, Valiantsin"]
[Black "Rose, Felix"]
[Result "1/2-1/2"]
[Board "179"]
[WhiteFideId "13504983"]
[BlackFideId "5105722"]
[WhiteTitle "FM"]
[BlackTitle "CM"]
[WhiteElo "2561"]
[BlackElo "2314"]
[WhiteTeam "FID"]
[BlackTeam "MEX"]
[WhiteClock "0:00:13"]
[BlackClock "0:01:11"]
[Variant "Standard"]

1. g4 {[%clk 0:02:57]}  d5 {[%clk 0:02:58]} 2. Bg2 {[%clk 0:02:57]}  Bxg4 {[%clk 0:02:58]} 3. c4 {[%clk 0:02:57]}  d4 {[%clk 0:02:59]} 4. Bxb7 {[%clk 0:02:56]}  Nd7 {[%clk 0:02:59]} 5. Bxa8 {[%clk 0:02:54]}  Qxa8 {[%clk 0:02:59]} 6. f3 {[%clk 0:02:54]}  e5 {[%clk 0:02:53]} 7. d3 {[%clk 0:02:54]}  Be7 {[%clk 0:02:51]} 8. a3 {[%clk 0:02:37]}  Bh4+ {[%clk 0:02:48]} 9. Kd2 {[%clk 0:02:37]}  Ne7 {[%clk 0:02:46]} 10. Kc2 {[%clk 0:02:37]}  O-O {[%clk 0:02:43]} 11. b4 {[%clk 0:02:28]}  a5 {[%clk 0:02:35]} 12. Bd2 {[%clk 0:02:23]}  axb4 {[%clk 0:02:33]} 13. Bxb4 {[%clk 0:02:22]}  c5 {[%clk 0:02:33]} 14. Bd2 {[%clk 0:02:16]}  Nb6 {[%clk 0:02:31]} 15. a4 {[%clk 0:02:12]}  Bd7 {[%clk 0:02:23]} 16. a5 {[%clk 0:02:01]}  Ba4+ {[%clk 0:02:20]} 17. Rxa4 {[%clk 0:02:01]}  Nxa4 {[%clk 0:02:21]} 18. Kc1 {[%clk 0:01:51]}  Qc6 {[%clk 0:02:13]} 19. Na3 {[%clk 0:01:49]}  Rb8 {[%clk 0:02:05]} 20. Nb5 {[%clk 0:01:48]}  Nc3 {[%clk 0:02:05]} 21. Bxc3 {[%clk 0:01:47]}  dxc3 {[%clk 0:02:05]} 22. Qc2 {[%clk 0:01:35]}  Bf2 {[%clk 0:01:55]} 23. Qxc3 {[%clk 0:01:29]}  Bd4 {[%clk 0:01:47]} 24. Qd2 {[%clk 0:01:10]}  Nf5 {[%clk 0:01:47]} 25. Qa2 {[%clk 0:00:57]}  Be3+ {[%clk 0:01:43]} 26. Kc2 {[%clk 0:00:52]}  Nd4+ {[%clk 0:01:33]} 27. Nxd4 {[%clk 0:00:45]}  Bxd4 {[%clk 0:01:34]} 28. Nh3 {[%clk 0:00:45]}  Rb2+ {[%clk 0:01:32]} 29. Qxb2 {[%clk 0:00:45]}  Bxb2 {[%clk 0:01:31]} 30. Kxb2 {[%clk 0:00:46]}  Qb7+ {[%clk 0:01:31]} 31. Kc2 {[%clk 0:00:46]}  Qd7 {[%clk 0:01:26]} 32. Rb1 {[%clk 0:00:28]}  h6 {[%clk 0:01:23]} 33. Rb5 {[%clk 0:00:16]}  Qxh3 {[%clk 0:01:23]} 34. a6 {[%clk 0:00:16]}  Qxh2 {[%clk 0:01:20]} 35. a7 {[%clk 0:00:13]}  Qxe2+ {[%clk 0:01:20]} 36. Kc1 {[%clk 0:00:11]}  Qe1+ {[%clk 0:01:16]} 37. Kc2 {[%clk 0:00:12]}  Qe2+ {[%clk 0:01:15]} 38. Kc1 {[%clk 0:00:13]}  Qe1+ {[%clk 0:01:14]} 39. Kc2 {[%clk 0:00:13]}  Qe2+ {[%clk 0:01:11]} 1/2-1/2

[Event "April 9 Early 2024"]
[Site "Chess.com"]
[Date "2024.04.09"]
[Round "5"]
[White "Marcziter, Dmitrii"]
[Black "Lehtosaari, Mauri"]
[Result "0-1"]
[Board "180"]
[WhiteFideId "13900765"]
[BlackFideId "501999"]
[WhiteTitle "FM"]
[WhiteElo "2275"]
[BlackElo "2552"]
[WhiteTeam "GER"]
[BlackTeam "FIN"]
[WhiteClock "0:00:36"]
[BlackClock "0:00:10"]
[Variant "Standard"]

1. d4 {[%clk 0:03:00]}  d5 {[%clk 0:02:55]} 2. c4 {[%clk 0:03:01]}  c6 {[%clk 0:02:55]} 3. Nf3 {[%clk 0:03:01]}  Nf6 {[%clk 0:02:55]} 4. Nc3 {[%clk 0:03:00]}  dxc4 {[%clk 0:02:55]} 5. a4 {[%clk 0:03:00]}  Bf5 {[%clk 0:02:56]} 6. e3 {[%clk 0:03:00]}  e6 {[%clk 0:02:56]} 7. Bxc4 {[%clk 0:03:00]}  Bb4 {[%clk 0:02:57]} 8. a5 {[%clk 0:02:59]}  O-O {[%clk 0:02:51]} 9. Qa4 {[%clk 0:02:58]}  c5 {[%clk 0:02:43]} 10. O-O {[%clk 0:02:53]}  Nc6 {[%clk 0:02:41]} 11. a6 {[%clk 0:02:49]}  Qc7 {[%clk 0:02:14]} 12. Nb5 {[%clk 0:02:40]}  Qb6 {[%clk 0:02:11]} 13. axb7 {[%clk 0:02:37]}  Qxb7 {[%clk 0:02:06]} 14. Nd6 {[%clk 0:02:36]}  Qb6 {[%clk 0:02:05]} 15. Nxf5 {[%clk 0:02:35]}  exf5 {[%clk 0:02:06]} 16. d5 {[%clk 0:02:22]}  Na5 {[%clk 0:01:53]} 17. Ba2 {[%clk 0:02:20]}  Nb7 {[%clk 0:01:52]} 18. Ne5 {[%clk 0:02:10]}  Nd6 {[%clk 0:01:50]} 19. Nc6 {[%clk 0:02:08]}  a5 {[%clk 0:01:31]} 20. Qc2 {[%clk 0:02:06]}  Rfe8 {[%clk 0:00:59]} 21. h3 {[%clk 0:01:57]}  h6 {[%clk 0:00:51]} 22. Bc4 {[%clk 0:01:55]}  Nxc4 {[%clk 0:00:40]} 23. Qxc4 {[%clk 0:01:53]}  Rac8 {[%clk 0:00:41]} 24. b3 {[%clk 0:01:45]}  Nxd5 {[%clk 0:00:32]} 25. Qxd5 {[%clk 0:01:45]}  Qxc6 {[%clk 0:00:32]} 26. Qxf5 {[%clk 0:01:45]}  Re6 {[%clk 0:00:22]} 27. Bb2 {[%clk 0:01:43]}  Rg6 {[%clk 0:00:22]} 28. e4 {[%clk 0:01:37]}  Re8 {[%clk 0:00:22]} 29. f3 {[%clk 0:01:33]}  Qb5 {[%clk 0:00:20]} 30. Rad1 {[%clk 0:01:28]}  Qe2 {[%clk 0:00:18]} 31. g4 {[%clk 0:01:17]}  Qxb2 {[%clk 0:00:17]} 32. Rd7 {[%clk 0:01:16]}  Qf6 {[%clk 0:00:18]} 33. Qd5 {[%clk 0:01:14]}  Qe6 {[%clk 0:00:17]} 34. Qb7 {[%clk 0:01:14]}  Rf6 {[%clk 0:00:17]} 35. Kg2 {[%clk 0:01:10]}  Qxb3 {[%clk 0:00:14]} 36. Rfd1 {[%clk 0:01:06]}  Qa2+ {[%clk 0:00:12]} 37. Kg3 {[%clk 0:01:05]}  Qe6 {[%clk 0:00:12]} 38. R1d5 {[%clk 0:01:02]}  Qc6 {[%clk 0:00:08]} 39. Qa7 {[%clk 0:01:00]}  Qb6 {[%clk 0:00:08]} 40. Qxb6 {[%clk 0:00:55]}  Rxb6 {[%clk 0:00:09]} 41. Rf5 {[%clk 0:00:55]}  Rf8 {[%clk 0:00:09]} 42. e5 {[%clk 0:00:55]}  a4 {[%clk 0:00:08]} 43. Ra7 {[%clk 0:00:54]}  a3 {[%clk 0:00:09]} 44. h4 {[%clk 0:00:52]}  c4 {[%clk 0:00:09]} 45. g5 {[%clk 0:00:52]}  hxg5 {[%clk 0:00:09]} 46. hxg5 {[%clk 0:00:52]}  g6 {[%clk 0:00:09]} 47. Rf4 {[%clk 0:00:51]}  c3 {[%clk 0:00:10]} 48. Rc4 {[%clk 0:00:51]}  Kg7 {[%clk 0:00:09]} 49. Rcc7 {[%clk 0:00:50]}  Re6 {[%clk 0:00:09]} 50. f4 {[%clk 0:00:50]}  Rb6 {[%clk 0:00:08]} 51. Kf3 {[%clk 0:00:47]}  Rb5 {[%clk 0:00:09]} 52. Ke4 {[%clk 0:00:48]}  Rc5 {[%clk 0:00:10]} 53. Rcb7 {[%clk 0:00:47]}  Rc4+ {[%clk 0:00:09]} 54. Kd5 {[%clk 0:00:47]}  Rxf4 {[%clk 0:00:10]} 55. e6 {[%clk 0:00:47]}  Rf5+ {[%clk 0:00:10]} 56. Kc4 {[%clk 0:00:46]}  c2 {[%clk 0:00:11]} 57. e7 {[%clk 0:00:42]}  Bxe7 {[%clk 0:00:10]} 58. Rxe7 {[%clk 0:00:40]}  c1=Q+ {[%clk 0:00:10]} 59. Kb4 {[%clk 0:00:40]}  Rb8+ {[%clk 0:00:10]} 60. Ka4 {[%clk 0:00:37]}  Qc4+ {[%clk 0:00:10]} 61. Kxa3 {[%clk 0:00:36]}  Qb3# {[%clk 0:00:10]} 0-1

[Event "April 9 Early 2024"]
[Site "Chess.com"]
[Date "2024.04.09"]
[Round "5"]
[White "Andreev, Konstantin"]
[Black "Rouast, Joseph"]
[Result "0-1"]
[Board "181"]
[WhiteFideId "24239305"]
[BlackFideId "45147000"]
[WhiteTitle "FM"]
[BlackTitle "CM"]
[WhiteElo "2546"]
[BlackElo "2272"]
[WhiteTeam "ITA"]
[BlackTeam "FRA"]
[WhiteClock "0:00:04"]
[BlackClock "0:00:10"]
[Variant "Standard"]

1. e4 {[%clk 0:03:00]}  e5 {[%clk 0:02:53]} 2. Nf3 {[%clk 0:03:00]}  Nf6 {[%clk 0:02:50]} 3. d4 {[%clk 0:02:59]}  Nxe4 {[%clk 0:02:48]} 4. Bd3 {[%clk 0:02:58]}  d5 {[%clk 0:02:48]} 5. Nxe5 {[%clk 0:02:59]}  Bd6 {[%clk 0:02:47]} 6. c4 {[%clk 0:02:57]}  c6 {[%clk 0:02:45]} 7. O-O {[%clk 0:02:55]}  O-O {[%clk 0:02:44]} 8. cxd5 {[%clk 0:02:35]}  cxd5 {[%clk 0:02:41]} 9. Nc3 {[%clk 0:02:35]}  Nxc3 {[%clk 0:02:40]} 10. bxc3 {[%clk 0:02:36]}  Nc6 {[%clk 0:02:39]} 11. Qh5 {[%clk 0:02:27]}  g6 {[%clk 0:02:28]} 12. Nxc6 {[%clk 0:02:15]}  bxc6 {[%clk 0:02:27]} 13. Qf3 {[%clk 0:02:14]}  Qh4 {[%clk 0:02:23]} 14. g3 {[%clk 0:02:12]}  Qg4 {[%clk 0:02:21]} 15. Qf6 {[%clk 0:01:55]}  Qe6 {[%clk 0:02:18]} 16. Qg5 {[%clk 0:01:54]}  Qg4 {[%clk 0:02:15]} 17. Qh6 {[%clk 0:01:49]}  Bf5 {[%clk 0:02:11]} 18. f3 {[%clk 0:01:20]}  Qh3 {[%clk 0:02:10]} 19. Qxh3 {[%clk 0:01:20]}  Bxh3 {[%clk 0:02:10]} 20. Re1 {[%clk 0:01:21]}  Rfe8 {[%clk 0:02:06]} 21. Bg5 {[%clk 0:01:21]}  Kg7 {[%clk 0:02:03]} 22. g4 {[%clk 0:01:19]}  h5 {[%clk 0:02:02]} 23. gxh5 {[%clk 0:01:16]}  gxh5 {[%clk 0:02:03]} 24. Bh4 {[%clk 0:01:11]}  Bd7 {[%clk 0:01:59]} 25. Bg3 {[%clk 0:01:09]}  Bf8 {[%clk 0:01:38]} 26. Kf2 {[%clk 0:01:07]}  Rxe1 {[%clk 0:01:37]} 27. Rxe1 {[%clk 0:01:06]}  c5 {[%clk 0:01:23]} 28. Be5+ {[%clk 0:01:06]}  f6 {[%clk 0:01:22]} 29. Rg1+ {[%clk 0:01:05]}  Kf7 {[%clk 0:01:15]} 30. Bf4 {[%clk 0:01:03]}  h4 {[%clk 0:01:02]} 31. Bg6+ {[%clk 0:00:50]}  Ke7 {[%clk 0:01:02]} 32. dxc5 {[%clk 0:00:49]}  Kd8 {[%clk 0:00:58]} 33. Bd6 {[%clk 0:00:47]}  Bxd6 {[%clk 0:00:52]} 34. cxd6 {[%clk 0:00:48]}  Be6 {[%clk 0:00:51]} 35. Rb1 {[%clk 0:00:27]}  Kd7 {[%clk 0:00:47]} 36. Rb7+ {[%clk 0:00:27]}  Kxd6 {[%clk 0:00:48]} 37. Ke3 {[%clk 0:00:26]}  Rg8 {[%clk 0:00:43]} 38. Bd3 {[%clk 0:00:19]}  d4+ {[%clk 0:00:42]} 39. Kxd4 {[%clk 0:00:17]}  Bxa2 {[%clk 0:00:42]} 40. Rxa7 {[%clk 0:00:17]}  Rg2 {[%clk 0:00:41]} 41. Ra6+ {[%clk 0:00:17]}  Ke7 {[%clk 0:00:41]} 42. h3 {[%clk 0:00:13]}  Be6 {[%clk 0:00:41]} 43. Ra7+ {[%clk 0:00:10]}  Kd6 {[%clk 0:00:36]} 44. Rh7 {[%clk 0:00:11]}  Rd2 {[%clk 0:00:33]} 45. Ke3 {[%clk 0:00:09]}  Rxd3+ {[%clk 0:00:33]} 46. Kxd3 {[%clk 0:00:05]}  Bf5+ {[%clk 0:00:33]} 47. Ke3 {[%clk 0:00:06]}  Bxh7 {[%clk 0:00:33]} 48. Kf4 {[%clk 0:00:06]}  Bd3 {[%clk 0:00:25]} 49. Kg4 {[%clk 0:00:04]}  Be2 {[%clk 0:00:25]} 50. Kf5 {[%clk 0:00:03]}  Ke7 {[%clk 0:00:24]} 51. Kf4 {[%clk 0:00:03]}  Ke6 {[%clk 0:00:22]} 52. Ke4 {[%clk 0:00:02]}  Bf1 {[%clk 0:00:21]} 53. Ke3 {[%clk 0:00:01]}  Bxh3 {[%clk 0:00:22]} 54. Kf2 {[%clk 0:00:01]}  Bf5 {[%clk 0:00:22]} 55. c4 {[%clk 0:00:01]}  Kd6 {[%clk 0:00:22]} 56. Ke3 {[%clk 0:00:02]}  Be6 {[%clk 0:00:21]} 57. Kf4 {[%clk 0:00:02]}  h3 {[%clk 0:00:20]} 58. Kg3 {[%clk 0:00:03]}  Kc5 {[%clk 0:00:20]} 59. f4 {[%clk 0:00:03]}  Bf5 {[%clk 0:00:20]} 60. Kh2 {[%clk 0:00:04]}  Kxc4 {[%clk 0:00:20]} 61. Kg3 {[%clk 0:00:05]}  Kd4 {[%clk 0:00:21]} 62. Kh2 {[%clk 0:00:06]}  Ke4 {[%clk 0:00:21]} 63. Kg3 {[%clk 0:00:07]}  Ke3 {[%clk 0:00:22]} 64. Kh4 {[%clk 0:00:06]}  h2 {[%clk 0:00:20]} 65. Kg3 {[%clk 0:00:05]}  h1=R {[%clk 0:00:11]} 66. Kg2 {[%clk 0:00:04]}  Rh4 {[%clk 0:00:10]} 0-1

[Event "April 9 Early 2024"]
[Site "Chess.com"]
[Date "2024.04.09"]
[Round "5"]
[White "Vlassov, Nikolai"]
[Black "Szente Varga, Fruzsina"]
[Result "1-0"]
[Board "182"]
[WhiteFideId "4103360"]
[BlackFideId "712264"]
[WhiteTitle "IM"]
[BlackTitle "WFM"]
[WhiteElo "2545"]
[BlackElo "2257"]
[WhiteTeam "FID"]
[BlackTeam "HUN"]
[WhiteClock "0:00:47"]
[BlackClock "0:00:08"]
[Variant "Standard"]

1. e4 {[%clk 0:03:00]}  c5 {[%clk 0:02:59]} 2. c3 {[%clk 0:02:56]}  Nf6 {[%clk 0:02:57]} 3. e5 {[%clk 0:02:56]}  Nd5 {[%clk 0:02:57]} 4. d4 {[%clk 0:02:56]}  cxd4 {[%clk 0:02:58]} 5. cxd4 {[%clk 0:02:57]}  Nc6 {[%clk 0:02:57]} 6. Nc3 {[%clk 0:02:57]}  Nxc3 {[%clk 0:02:52]} 7. bxc3 {[%clk 0:02:58]}  d6 {[%clk 0:02:52]} 8. f4 {[%clk 0:02:58]}  dxe5 {[%clk 0:02:50]} 9. fxe5 {[%clk 0:02:57]}  Bf5 {[%clk 0:02:50]} 10. Nf3 {[%clk 0:02:43]}  e6 {[%clk 0:02:50]} 11. Bd3 {[%clk 0:02:42]}  Bg4 {[%clk 0:02:40]} 12. O-O {[%clk 0:02:40]}  Be7 {[%clk 0:02:13]} 13. Be3 {[%clk 0:02:39]}  O-O {[%clk 0:02:10]} 14. Qb1 {[%clk 0:02:38]}  h6 {[%clk 0:02:06]} 15. Qxb7 {[%clk 0:02:27]}  Rc8 {[%clk 0:01:39]} 16. Qb5 {[%clk 0:02:04]}  Bxf3 {[%clk 0:01:17]} 17. Rxf3 {[%clk 0:02:04]}  Bg5 {[%clk 0:01:17]} 18. Re1 {[%clk 0:01:55]}  Bxe3+ {[%clk 0:00:55]} 19. Rfxe3 {[%clk 0:01:48]}  Ne7 {[%clk 0:00:53]} 20. Bb1 {[%clk 0:01:46]}  Rb8 {[%clk 0:00:39]} 21. Qd3 {[%clk 0:01:45]}  g6 {[%clk 0:00:35]} 22. Rh3 {[%clk 0:01:40]}  Kg7 {[%clk 0:00:33]} 23. Qe3 {[%clk 0:01:36]}  Rh8 {[%clk 0:00:23]} 24. Be4 {[%clk 0:01:36]}  Rb2 {[%clk 0:00:20]} 25. Re2 {[%clk 0:01:26]}  Rxe2 {[%clk 0:00:20]} 26. Qxe2 {[%clk 0:01:26]}  Qb6 {[%clk 0:00:20]} 27. Rf3 {[%clk 0:01:24]}  Nf5 {[%clk 0:00:20]} 28. Bxf5 {[%clk 0:01:22]}  gxf5 {[%clk 0:00:20]} 29. Rg3+ {[%clk 0:01:22]}  Kf8 {[%clk 0:00:20]} 30. h3 {[%clk 0:01:17]}  Ke7 {[%clk 0:00:21]} 31. Kh2 {[%clk 0:01:17]}  h5 {[%clk 0:00:20]} 32. Rf3 {[%clk 0:01:11]}  h4 {[%clk 0:00:20]} 33. Qe3 {[%clk 0:01:11]}  Qc7 {[%clk 0:00:20]} 34. Qg5+ {[%clk 0:01:10]}  Ke8 {[%clk 0:00:20]} 35. Qf6 {[%clk 0:01:07]}  Rh7 {[%clk 0:00:18]} 36. d5 {[%clk 0:01:02]}  Qe7 {[%clk 0:00:16]} 37. Qxe7+ {[%clk 0:00:56]}  Kxe7 {[%clk 0:00:17]} 38. c4 {[%clk 0:00:54]}  exd5 {[%clk 0:00:13]} 39. cxd5 {[%clk 0:00:54]}  f6 {[%clk 0:00:14]} 40. e6 {[%clk 0:00:52]}  Rh5 {[%clk 0:00:11]} 41. Ra3 {[%clk 0:00:47]}  f4 {[%clk 0:00:08]} 42. Rxa7+ {[%clk 0:00:46]}  Kd6 {[%clk 0:00:09]} 43. Rd7+ {[%clk 0:00:46]}  Kc5 {[%clk 0:00:09]} 44. e7 {[%clk 0:00:46]}  Re5 {[%clk 0:00:08]} 45. d6 {[%clk 0:00:47]} 1-0

[Event "April 9 Early 2024"]
[Site "Chess.com"]
[Date "2024.04.09"]
[Round "5"]
[White "Hajiyev, Kanan"]
[Black "Stojanovski, Sandi"]
[Result "1-0"]
[Board "190"]
[WhiteFideId "13404148"]
[BlackFideId "1403249"]
[WhiteTitle "FM"]
[BlackTitle "FM"]
[WhiteElo "2572"]
[BlackElo "2326"]
[WhiteTeam "AZE"]
[BlackTeam "DEN"]
[WhiteClock "0:01:42"]
[BlackClock "0:00:00"]
[Variant "Standard"]

1. d4 {[%clk 0:02:52]}  Nf6 {[%clk 0:02:59]} 2. Nf3 {[%clk 0:02:53]}  e6 {[%clk 0:02:59]} 3. c4 {[%clk 0:02:53]}  d5 {[%clk 0:02:56]} 4. cxd5 {[%clk 0:02:54]}  exd5 {[%clk 0:02:56]} 5. Nc3 {[%clk 0:02:54]}  c6 {[%clk 0:02:50]} 6. Qc2 {[%clk 0:02:54]}  Be7 {[%clk 0:02:37]} 7. Bf4 {[%clk 0:02:49]}  Nbd7 {[%clk 0:02:24]} 8. e3 {[%clk 0:02:50]}  Nh5 {[%clk 0:01:59]} 9. Nxd5 {[%clk 0:02:49]}  Nxf4 {[%clk 0:01:58]} 10. Nxf4 {[%clk 0:02:49]}  O-O {[%clk 0:01:56]} 11. Bd3 {[%clk 0:02:49]}  g6 {[%clk 0:01:50]} 12. O-O {[%clk 0:02:48]}  Nf6 {[%clk 0:01:49]} 13. Ne5 {[%clk 0:02:46]}  Nd7 {[%clk 0:01:45]} 14. Bc4 {[%clk 0:02:36]}  Bd6 {[%clk 0:00:56]} 15. Nexg6 {[%clk 0:02:33]}  Re8 {[%clk 0:00:37]} 16. Qf5 {[%clk 0:02:24]}  Qf6 {[%clk 0:00:23]} 17. Qxf6 {[%clk 0:02:13]}  Nxf6 {[%clk 0:00:24]} 18. Ne5 {[%clk 0:01:48]}  Bxe5 {[%clk 0:00:23]} 19. dxe5 {[%clk 0:01:49]}  Rxe5 {[%clk 0:00:23]} 20. Rfd1 {[%clk 0:01:50]}  Bf5 {[%clk 0:00:22]} 21. h3 {[%clk 0:01:42]}  Rc5 {[%clk 0:00:21]} 22. Bb3 {[%clk 0:01:41]}  h5 {[%clk 0:00:12]} 23. f3 {[%clk 0:01:42]}  Kg7 {[%clk 0:00:08]} 24. e4 {[%clk 0:01:42]}  Bg6 {[%clk 0:00:08]} 25. Rd6 {[%clk 0:01:42]}  Ne8 {[%clk 0:00:00]} 26. Rd7 {[%clk 0:01:42]} 1-0

[Event "April 9 Early 2024"]
[Site "Chess.com"]
[Date "2024.04.09"]
[Round "5"]
[White "Fiedorek, Michal"]
[Black "Bielinski, Dariusz"]
[Result "1-0"]
[Board "191"]
[WhiteFideId "1199528"]
[BlackFideId "1109383"]
[WhiteTitle "FM"]
[BlackTitle "CM"]
[WhiteElo "2547"]
[BlackElo "2325"]
[WhiteTeam "POL"]
[BlackTeam "POL"]
[WhiteClock "0:00:01"]
[BlackClock "0:00:00"]
[Variant "Standard"]

1. e4 {[%clk 0:03:00]}  d6 {[%clk 0:02:59]} 2. d4 {[%clk 0:02:54]}  g6 {[%clk 0:02:59]} 3. Nc3 {[%clk 0:02:54]}  Bg7 {[%clk 0:02:58]} 4. Be3 {[%clk 0:02:55]}  a6 {[%clk 0:02:57]} 5. f3 {[%clk 0:02:53]}  b5 {[%clk 0:02:57]} 6. Qd2 {[%clk 0:02:54]}  Nd7 {[%clk 0:02:54]} 7. h4 {[%clk 0:02:54]}  h6 {[%clk 0:02:50]} 8. O-O-O {[%clk 0:02:51]}  Bb7 {[%clk 0:02:48]} 9. g4 {[%clk 0:02:50]}  Ngf6 {[%clk 0:02:38]} 10. Nh3 {[%clk 0:02:44]}  Nb6 {[%clk 0:02:36]} 11. a3 {[%clk 0:02:42]}  e6 {[%clk 0:02:29]} 12. g5 {[%clk 0:02:40]}  hxg5 {[%clk 0:02:28]} 13. Nxg5 {[%clk 0:02:39]}  Qe7 {[%clk 0:02:22]} 14. Kb1 {[%clk 0:02:30]}  O-O-O {[%clk 0:02:08]} 15. Bh3 {[%clk 0:02:27]}  Kb8 {[%clk 0:02:06]} 16. Qf2 {[%clk 0:02:22]}  Nc4 {[%clk 0:02:05]} 17. Bc1 {[%clk 0:02:21]}  c5 {[%clk 0:01:49]} 18. dxc5 {[%clk 0:01:56]}  dxc5 {[%clk 0:01:50]} 19. b3 {[%clk 0:01:56]}  Ne5 {[%clk 0:00:49]} 20. Bb2 {[%clk 0:01:49]}  Nc6 {[%clk 0:00:49]} 21. Ne2 {[%clk 0:01:42]}  Nh5 {[%clk 0:00:42]} 22. Bxg7 {[%clk 0:01:35]}  Nxg7 {[%clk 0:00:43]} 23. Bg2 {[%clk 0:01:24]}  f6 {[%clk 0:00:39]} 24. Nh3 {[%clk 0:01:23]}  e5 {[%clk 0:00:27]} 25. f4 {[%clk 0:01:19]}  Ne6 {[%clk 0:00:25]} 26. fxe5 {[%clk 0:01:14]}  fxe5 {[%clk 0:00:24]} 27. Qg3 {[%clk 0:01:13]}  Ned4 {[%clk 0:00:20]} 28. Nxd4 {[%clk 0:01:13]}  Nxd4 {[%clk 0:00:21]} 29. Ng5 {[%clk 0:01:10]}  Ka7 {[%clk 0:00:20]} 30. Nf3 {[%clk 0:01:07]}  Bxe4 {[%clk 0:00:17]} 31. Nxd4 {[%clk 0:01:01]}  exd4 {[%clk 0:00:18]} 32. Rhe1 {[%clk 0:00:58]}  Bxc2+ {[%clk 0:00:15]} 33. Kxc2 {[%clk 0:00:57]}  Qxh4 {[%clk 0:00:13]} 34. Qf3 {[%clk 0:00:46]}  Rh7 {[%clk 0:00:08]} 35. Rh1 {[%clk 0:00:44]}  Qe7 {[%clk 0:00:08]} 36. Rxh7 {[%clk 0:00:33]}  Qxh7 {[%clk 0:00:09]} 37. Rh1 {[%clk 0:00:22]}  Qe7 {[%clk 0:00:08]} 38. Rh4 {[%clk 0:00:08]}  c4 {[%clk 0:00:07]} 39. Re4 {[%clk 0:00:07]}  cxb3+ {[%clk 0:00:06]} 40. Kxb3 {[%clk 0:00:07]}  Qc7 {[%clk 0:00:06]} 41. Kb2 {[%clk 0:00:06]}  Kb6 {[%clk 0:00:03]} 42. Qf6+ {[%clk 0:00:05]}  Ka7 {[%clk 0:00:02]} 43. Re7 {[%clk 0:00:05]}  Rd7 {[%clk 0:00:02]} 44. Rxd7 {[%clk 0:00:05]}  Qxd7 {[%clk 0:00:03]} 45. Qxg6 {[%clk 0:00:04]}  d3 {[%clk 0:00:03]} 46. Kc1 {[%clk 0:00:03]}  d2+ {[%clk 0:00:03]} 47. Kd1 {[%clk 0:00:04]}  Qd4 {[%clk 0:00:03]} 48. Qf7+ {[%clk 0:00:03]}  Kb6 {[%clk 0:00:03]} 49. Qb7+ {[%clk 0:00:03]}  Ka5 {[%clk 0:00:03]} 50. Qc7+ {[%clk 0:00:04]}  Ka4 {[%clk 0:00:03]} 51. Qc2+ {[%clk 0:00:04]}  Kxa3 {[%clk 0:00:03]} 52. Be4 {[%clk 0:00:03]}  b4 {[%clk 0:00:02]} 53. Bd3 {[%clk 0:00:01]}  b3 {[%clk 0:00:02]} 54. Qxd2 {[%clk 0:00:01]}  b2 {[%clk 0:00:00]} 55. Qa5+ {[%clk 0:00:01]} 1-0